Länder der EU mit einzigartigen Anfangsbuchstaben - Statistiken

Allgemein
  • Dieses Quiz wurde 55 mal gespielt
    6 seit der letzten Aktualisierung
  • Das Durchschnittsergebnis liegt bei 5 aus 10
Antwortstatistiken
Antwort % Korrekt
Kroatien
80%
Estland
60%
Griechenland
60%
Niederlande
60%
Österreich
60%
Ungarn
40%
Zypern
40%
Malta
20%
Rumänien
20%
Tschechien
20%
Keine übereinstimmenden Quizze gefunden
Verteilung der Resultate
Anzahl Personen mit jedem Resultat
Perzentil nach korrekt beantworteten Fragen
Ihre Resultats-Entwicklung
Sie haben dieses Quiz seit der letzten Aktualisierung nicht gespielt